| 000 | 00521cam a22001934a 4500 | ||
|---|---|---|---|
| 005 | 20250605163444.0 | ||
| 008 | 250528s ||||||||||||||||||||||||d | ||
| 035 | _a19583 | ||
| 020 | _a9608743826 | ||
| 040 |
_aGR-AtMCL _bgre _dGR-AtMCL _eAACR2 |
||
| 245 | 1 | _aΣΤΑΤΙΣΤΙΚΗ ΤΟΜΟΣ Α ΜΕΘΟΔΟΙ ΚΑΙ ΕΦΑΡΜΟΓΕΣ | |
| 250 | _a4 | ||
| 260 |
_bΣοφια, _c2005 |
||
| 300 | _a773 | ||
| 700 | 1 | _aΖαχαροπουλου Χρυσουλα | |
| 942 | _cBK | ||
| 999 |
_c4839 _d4839 |
||